[Event "FIDE Disabilities Olym"]
[Site "Belgrade"]
[Date "2023.02.04"]
[Round "?"]
[White "Pribeanu, Mihai Dacian"]
[Black "Deniz, Ugur"]
[Result "1-0"]
[WhiteElo "2134"]
[BlackElo "1946"]
[PlyCount "43"]
[EventDate "2023.01.30"]
[EventType "team-swiss"]
[EventRounds "6"]
[EventCountry "SRB"]
[SourceTitle "CBM 212 Extra"]
[Source "ChessBase"]
[SourceDate "2023.03.31"]
[SourceVersion "1"]
[SourceVersionDate "2023.03.31"]
[SourceQuality "1"]
[WhiteTeam "Romania"]
[BlackTeam "Turkey"]
[WhiteTeamCountry "ROU"]
[BlackTeamCountry "TUR"]

1. Nf3 d5 2. g3 c6 3. Bg2 Nf6 4. 0-0 Bf5 5. d3 Nbd7 6. Nbd2 Qc7 7. Qe1 e5 8. e4 dxe4 9. dxe4 Bg4 10. b3 Bc5 11. Bb2 0-0-0 12. a3 h5 13. b4 Be7 14. Nc4 Bxf3 15. Bxf3 h4 16. Qc3 Nh7 17. Nxe5 Bf6 18. Bg4 Rhe8 19. f4 hxg3 20. Qxg3 Bxe5 21. fxe5 Re7 22. Qh4 1-0

[Event "FIDE Disabilities Olym"]
[Site "Belgrade"]
[Date "2023.01.31"]
[Round "?"]
[White "Arstanbekov, Dzhanysh"]
[Black "Deniz, Ugur"]
[Result "0-1"]
[WhiteElo "1621"]
[BlackElo "1946"]
[PlyCount "84"]
[EventDate "2023.01.30"]
[EventType "team-swiss"]
[EventRounds "6"]
[EventCountry "SRB"]
[SourceTitle "CBM 212 Extra"]
[Source "ChessBase"]
[SourceDate "2023.03.31"]
[SourceVersion "1"]
[SourceVersionDate "2023.03.31"]
[SourceQuality "1"]
[WhiteTeam "Kyrgyzstan"]
[BlackTeam "Turkey"]
[WhiteTeamCountry "KGZ"]
[BlackTeamCountry "TUR"]

1. e4 e5 2. Nf3 Nc6 3. d4 exd4 4. Nxd4 Nf6 5. Nxc6 bxc6 6. e5 Qe7 7. Qe2 Nd5 8. c4 Ba6 9. Nd2 g6 10. a3 Bg7 11. Qe4 Nb6 12. f4 f5 13. exf6 Bxf6 14. c5 Bxf1 15. Rxf1 Na4 16. Qxe7+ Kxe7 17. Ne4 Bxb2 18. Bxb2 Nxb2 19. Ra2 Rab8 20. Kd2 d5 21. cxd6+ cxd6 22. Re1 d5 23. Ng5+ Kd7 24. Nf7 Nc4+ 25. Kc3 Rhf8 26. Ne5+ Nxe5 27. fxe5 Ke6 28. g3 c5 29. Rae2 Rf3+ 30. Kd2 Rxa3 31. Rc1 Rb2+ 32. Ke1 Rxe2+ 33. Kxe2 c4 34. Rb1 Kxe5 35. Rb7 Ra2+ 36. Kf3 Rxh2 37. Rxa7 Kd4 38. Rd7 c3 39. g4 c2 40. Rc7 Kd3 41. Kg3 Re2 42. Kf3 Re1 0-1

[Event "IBCA Wch blind 14th"]
[Site "Cagliari"]
[Date "2019.04.13"]
[Round "8"]
[White "Clemente Llamero, Roberto"]
[Black "Deniz, Ugur"]
[Result "0-1"]
[WhiteElo "2117"]
[BlackElo "1871"]
[PlyCount "81"]
[EventDate "2019.04.06"]
[EventType "swiss"]
[EventRounds "9"]
[EventCountry "ITA"]
[SourceTitle "CBM 189 Extra"]
[Source "ChessBase"]
[SourceDate "2019.06.03"]
[SourceVersion "1"]
[SourceVersionDate "2019.06.03"]
[SourceQuality "1"]

1. e4 e5 2. Nf3 Nc6 3. Nc3 Nf6 4. h3 d5 5. exd5 Nxd5 6. Bb5 Nxc3 7. bxc3 Bd6 8. 0-0 0-0 9. Re1 Qf6 10. d4 exd4 11. cxd4 h6 12. Bd3 Bf5 13. c3 Rfe8 14. Be3 b6 15. Rb1 Rad8 16. Bxf5 Qxf5 17. Qa4 Ne7 18. c4 Ng6 19. c5 bxc5 20. dxc5 Bf4 21. Bd4 Rxe1+ 22. Rxe1 Qd3 23. Ba1 Qd5 24. Qc2 c6 25. Nd4 Nh4 26. Qe4 Qxe4 27. Rxe4 Ng6 28. g3 Be5 29. f4 Bxd4+ 30. Bxd4 f5 31. Re6 Nf8 32. Rd6 Rxd6 33. cxd6 a6 34. Kf2 g6 35. Ke3 Kf7 36. Kd3 Nd7 37. Kc4 Ke6 38. Be5 a5 39. a4 g5 40. g4 Nxe5+ 41. fxe5 0-1

[Event "IBCA Wch blind 14th"]
[Site "Cagliari"]
[Date "2019.04.08"]
[Round "3"]
[White "Deniz, Ugur"]
[Black "Zsiltzova Lisenko, Lubov"]
[Result "1/2-1/2"]
[WhiteElo "1871"]
[BlackElo "2191"]
[PlyCount "148"]
[EventDate "2019.04.06"]
[EventType "swiss"]
[EventRounds "9"]
[EventCountry "ITA"]
[SourceTitle "CBM 189 Extra"]
[Source "ChessBase"]
[SourceDate "2019.06.03"]
[SourceVersion "1"]
[SourceVersionDate "2019.06.03"]
[SourceQuality "1"]

1. e4 c5 2. Nf3 d6 3. Bb5+ Nd7 4. d4 cxd4 5. Qxd4 a6 6. Bxd7+ Bxd7 7. Nc3 e6 8. Bg5 Qa5 9. 0-0-0 Rc8 10. Kb1 h6 11. Bh4 Qc5 12. Rhe1 Qxd4 13. Rxd4 g5 14. Bg3 e5 15. Rd3 Nf6 16. h3 Be7 17. Red1 Be6 18. Rxd6 Bxd6 19. Rxd6 Ke7 20. Rb6 Rhd8 21. Rxb7+ Kf8 22. a3 Nxe4 23. Bxe5 Nxc3+ 24. bxc3 Rc5 25. Bf6 Rd1+ 26. Kb2 Rb5+ 27. Rxb5 axb5 28. h4 g4 29. Nd4 Bd7 30. Nb3 g3 31. fxg3 Rg1 32. Be5 Rxg2 33. Bf4 h5 34. Nd4 Ke7 35. Kb3 Rg1 36. Kb4 Rb1+ 37. Kc5 Rb2 38. c4 bxc4 39. Kxc4 Ba4 40. c3 Bd7 41. Kd5 Be6+ 42. Kc5 Ra2 43. Nb5 Bd7 44. c4 Bxb5 45. cxb5 Rxa3 46. b6 Rb3 47. Bc7 Kd7 48. Kc4 Rb1 49. Kd5 Rd1+ 50. Ke5 Rf1 51. Ke4 Rf6 52. Ke5 Rf1 53. Kd5 Rd1+ 54. Kc5 Rc1+ 55. Kb5 Rb1+ 56. Kc5 Rc1+ 57. Kd5 Rd1+ 58. Ke5 Rb1 59. Kf5 Ke7 60. Kg5 Rb5+ 61. Kh6 Ke8 62. Kg7 Ke7 63. Kh7 Kd7 64. Kh8 Ke7 65. Kg7 Rb3 66. Kh6 Rb5 67. Bf4 Rxb6+ 68. Kxh5 Kf8 69. g4 Kg8 70. g5 Ra6 71. Kg4 Ra5 72. h5 Kh7 73. Kh3 Ra4 74. Kg4 Ra5 1/2-1/2